01018pam a22003254a 450000100090000000300040000900500170001300800410003001000170007102000210008802000180010904000180012704100130014504200080015805000260016608200250019210000280021724000290024524501120027425000120038626000580039830000410045650000210049750000430051850000200056165000350058190600450061694200130066199900180067414123438OSt20150408114205.0050928s2005 gw a 001 0 eng  a 2005282095 a158890279X (TNY) a9783131110428 aDLCcDLCdDLC1 aenghger apcc00aRC78.7.U4bH6413 2005 223a 616.07543 bHMU1 aHofer, Matthias.91112610aSono grundkers.lEnglish10aUltrasound teaching manual :bthe basics of performing and interpreting ultrasound scans /cMatthias Hofer. a2nd ed. aStuttgart ;aNew York :bGeorge Thieme Verlag,c2005. a120 p. :bill. (some col.) ;c30 cm. aCovers fold out. a1 card meant to be cut apart inserted. aIncludes index. 0aDiagnostic ultrasonic imaging. a7bcbccorigcopd2encipf20gy-gencatlg 2ddccDVD c33394d267894